Antoni Gaudi : (Record no. 9124)
[ view plain ]
| 000 -LEADER | |
|---|---|
| fixed length control field | 01477cam a22003735a 4500 |
| 003 - CONTROL NUMBER IDENTIFIER | |
| control field | EG-ScBUE |
| 005 - DATE AND TIME OF LATEST TRANSACTION | |
| control field | 20221109031338.0 |
| 008 - FIXED-LENGTH DATA ELEMENTS--GENERAL INFORMATION | |
| fixed length control field | 100210t2007 gw a f b 00000beeng d |
| 020 ## - INTERNATIONAL STANDARD BOOK NUMBER | |
| International Standard Book Number | 9783822856543 (pbk. in sl.cs.) |
| 035 ## - SYSTEM CONTROL NUMBER | |
| System control number | (GyWOH)har070123021 |
| 040 ## - CATALOGING SOURCE | |
| Original cataloging agency | EG-ScBUE |
| Language of cataloging | eng |
| Description conventions | rda |
| Transcribing agency | EG-ScBUE |
| Modifying agency | EG-ScBUE |
| 041 0# - LANGUAGE CODE | |
| Language code of text/sound track or separate title | eng |
| -- | ger |
| -- | fre |
| 082 04 - DEWEY DECIMAL CLASSIFICATION NUMBER | |
| Classification number | 720.946 |
| Item number | ANT |
| Edition number | 22 |
| 245 00 - TITLE STATEMENT | |
| Title | Antoni Gaudi : |
| Remainder of title | complete works = Das gesamte Werk = L'oeuvre complete / |
| Statement of responsibility, etc | [edited by] Isabel Artigas ; [English translation, Ana G. Canizares ; German translation, Andre Hochemer (chemper ; Franch translation: Annabelle Labbe] |
| 246 31 - VARYING FORM OF TITLE | |
| Title proper/short title | Gesamte Werk |
| 246 31 - VARYING FORM OF TITLE | |
| Title proper/short title | L'oeuvre complete |
| 264 #1 - PUBLICATION, DISTRIBUTION, ETC. (IMPRINT) | |
| Place of publication, distribution, etc | Köln : |
| Name of publisher, distributor, etc | Evergreen, |
| Date of publication, distribution, etc | [2007] |
| 264 #4 - PUBLICATION, DISTRIBUTION, ETC. (IMPRINT) | |
| Date of publication, distribution, etc | c2007 |
| 300 ## - PHYSICAL DESCRIPTION | |
| Extent | 2 volumes : |
| Other physical details | illustrations (chiefly color) ; |
| Dimensions | 26 cm |
| 504 ## - BIBLIOGRAPHY, ETC. NOTE | |
| Bibliography, etc | Includes bibliographical references. |
| 505 0# - FORMATTED CONTENTS NOTE | |
| Formatted contents note | Volume 1. 1852-1900 -- Volume 2. 1900-1926. |
| 546 ## - LANGUAGE NOTE | |
| Language note | Text in English, German and French. |
| 590 ## - LOCAL NOTE (RLIN) | |
| Local note | doaa mohamed |
| 600 ## - SUBJECT ADDED ENTRY--PERSONAL NAME | |
| 9 (RLIN) | 11167 |
| Personal name | Gaudí, Antoni, |
| Dates associated with a name | 1852-1926, |
| Form subdivision | Catalogs. |
| Source of heading or term | BUEsh |
| 650 #7 - SUBJECT ADDED ENTRY--TOPICAL TERM | |
| Topical term or geographic name as entry element | Art nouveau (Architecture) |
| Geographic subdivision | Spain |
| -- | Catalonia |
| Form subdivision | Catalogs. |
| Source of heading or term | BUEsh |
| 9 (RLIN) | 11168 |
| 651 ## - SUBJECT ADDED ENTRY--GEOGRAPHIC NAME | |
| Source of heading or term | BUEsh |
| 653 ## - INDEX TERM--UNCONTROLLED | |
| Resource For college | Engineering, Architecture |
| 655 ## - INDEX TERM--GENRE/FORM | |
| Form subdivision | Reading book |
| 9 (RLIN) | 34232 |
| 700 1# - ADDED ENTRY--PERSONAL NAME | |
| Personal name | Artigas, Isabel, |
| Relator term | editor. |
| 9 (RLIN) | 11169 |
| 700 1# - ADDED ENTRY--PERSONAL NAME | |
| Personal name | Cañizares, Ana Cristina G., |
| Relator term | translator. |
| 9 (RLIN) | 11170 |
| 700 1# - ADDED ENTRY--PERSONAL NAME | |
| Personal name | Hochemer, Andre, |
| Relator term | translator. |
| 9 (RLIN) | 11171 |
| 700 1# - ADDED ENTRY--PERSONAL NAME | |
| Personal name | Labbe, Annabelle, |
| Relator term | translator. |
| 9 (RLIN) | 11172 |
| 942 ## - ADDED ENTRY ELEMENTS (KOHA) | |
| Source of classification or shelving scheme | Dewey Decimal Classification |
| Koha item type | Book - Borrowing |
| Withdrawn status | Lost status | Source of classification or shelving scheme | Damaged status | Not for loan | Collection code | Home library | Current library | Shelving location | Date acquired | Source of acquisition | Total Checkouts | Total Renewals | Full call number | Barcode | Date last seen | Date checked out | Koha item type | Public note |
|---|---|---|---|---|---|---|---|---|---|---|---|---|---|---|---|---|---|---|
| Dewey Decimal Classification | Alahram | Central Library | Central Library | Second Floor | 08/04/2015 | Purchase | 2 | 2 | 720.946 ANT | 000011161 | 15/07/2025 | 26/10/2014 | Book - Borrowing | Vol.1 | ||||
| Dewey Decimal Classification | Alahram | Central Library | Central Library | Second Floor | 10/02/2010 | Purchase | 3 | 16 | 720.946 ANT | 000011162 | 15/07/2025 | 13/11/2012 | Book - Borrowing | Vol.2 |